000 00456nam a2200181Ia 4500
008 131103s9999 xx 000 0 und d
040 _aLoreto College
041 _aEnglish
082 _a920/BUC
_bLCLIB/
100 _aBuchan, Anna
245 _aUnforgettable Unforgetten
_cAnna Buchan
260 _aLondon
_bHodder
_c1947
300 _axi,246p.
_c 22cm.
504 _aIncludes index
650 _aBiography
850 _aLCLIB/920/BUC
942 _cBK
999 _c25097
_d75576